[Event "Brackel- Münster"]
[Site "?"]
[Date "2022.09.25"]
[Round "2.1"]
[White "Schmitzer, Klaus"]
[Black "Fiebig, Thomas"]
[Result "1/2-1/2"]
[WhiteElo "2241"]
[BlackElo "2418"]
[PlyCount "161"]
[EventDate "2022.??.??"]
[SourceVersionDate "2023.06.22"]

1. d4 d5 2. Bg5 c6 3. e3 Bf5 4. Nd2 Nd7 5. Ngf3 h6 6. Bh4 Ngf6 7. c4 e6 8. Be2
Bd6 9. Qb3 Rb8 10. O-O O-O 11. Rac1 Qe7 12. Rfe1 Rfe8 13. c5 Bc7 14. Qa3 a6 15.
b4 e5 16. Bg3 Ne4 17. Nxe4 Bxe4 18. Qb2 Bxf3 19. Bxf3 Nf6 20. e4 dxe4 21. Bxe4
Nxe4 22. Rxe4 f5 23. Ree1 e4 24. Qb3+ Kh8 25. Bxc7 Qxc7 26. d5 cxd5 27. Rcd1 b6
28. Rxd5 bxc5 29. Rxc5 Qb6 30. Rxf5 Qxb4 31. Qxb4 Rxb4 32. Ra5 Re6 33. g3 Rd6
34. Re2 Kh7 35. h4 Rc6 36. Kg2 Rd6 37. Kh3 Kg6 38. Kg2 h5 39. Re5 Rdd4 40. Re6+
Kf5 41. Rxa6 Ra4 42. Rb6 Rd5 43. Rc2 Ra7 44. a4 Rxa4 45. Rc7 e3 46. Rf7+ Ke5
47. Re7+ Kf5 48. fxe3 g5 49. hxg5 Kg4 50. Rb2 Kxg5 51. Kh3 h4 52. g4 Rd1 53.
Re5+ Kf6 54. Rf5+ Kg6 55. Rb6+ Kg7 56. Rb7+ Kg6 57. Rb6+ Kg7 58. Rc5 Ra7 59.
Kxh4 Re7 60. Rg5+ Kh7 61. Rh5+ Kg7 62. Rg5+ Kh7 63. Ra5 Re1 64. Kh5 R1xe3 65.
Rh6+ Kg7 66. Rg5+ Kf7 67. Rh7+ Kf8 68. Rf5+ Kg8 69. Rxe7 Rxe7 70. g5 Re6 71.
Ra5 Kg7 72. Ra7+ Kg8 73. Rb7 Ra6 74. g6 Ra1 75. Rb8+ Kg7 76. Rb7+ Kg8 77. Kh6
Rh1+ 78. Kg5 Rg1+ 79. Kh6 Rh1+ 80. Kg5 Rg1+ 81. Kh6 1/2-1/2

[Event "Brackel- Münster"]
[Site "?"]
[Date "2022.09.25"]
[Round "2.2"]
[White "Luft, Dennis"]
[Black "Wolter, Kai"]
[Result "1-0"]
[WhiteElo "2313"]
[BlackElo "2230"]
[PlyCount "111"]
[EventDate "2022.??.??"]
[SourceVersionDate "2023.06.22"]

1. e4 c5 2. d3 Nc6 3. Be2 g6 4. f4 d5 5. Nf3 dxe4 6. dxe4 Qxd1+ 7. Bxd1 b6 8.
c3 Bb7 9. Be3 Nf6 10. Nbd2 Bg7 11. h3 O-O 12. Bb3 Na5 13. Bc2 Rad8 14. Kf2 Ba6
15. Rhd1 Bd3 16. Bxd3 Rxd3 17. Ke2 Rfd8 18. e5 Ne8 19. Ne4 Rxd1 20. Rxd1 Rxd1
21. Kxd1 f5 22. Ned2 Nc7 23. Ke2 Ne6 24. Kd3 Kf7 25. b4 cxb4 26. cxb4 Nc6 27.
Kc4 Ke8 28. Nb3 Kd7 29. a4 Nc7 30. b5 Nb4 31. g3 Nbd5 32. Bf2 e6 33. a5 Bf8 34.
a6 Ne7 35. Be1 Nc8 36. Bd2 Nd5 37. Nbd4 Bc5 38. Nxe6 Kxe6 39. Ng5+ Kd7 40. Kxd5
Ne7+ 41. Kc4 h6 42. Nf3 Bf2 43. Be1 Bxe1 44. Nxe1 g5 45. fxg5 hxg5 46. Nf3 g4
47. hxg4 fxg4 48. Nd4 Kc7 49. Kd3 Nd5 50. Ke4 Nb4 51. Kf5 Nd3 52. Kf6 Nc5 53.
Kf7 Ne4 54. e6 Nxg3 55. e7 Ne4 56. Ne6+ 1-0

[Event "Brackel- Münster"]
[Site "?"]
[Date "2022.09.25"]
[Round "2.3"]
[White "Wilde, Pierre"]
[Black "Kartsev, Soel"]
[Result "1-0"]
[WhiteElo "2255"]
[BlackElo "2162"]
[PlyCount "99"]
[EventDate "2022.??.??"]
[SourceVersionDate "2023.06.22"]

1. d4 Nf6 2. c4 e6 3. g3 d5 4. Bg2 Be7 5. Nf3 O-O 6. O-O Nbd7 7. Qc2 c5 8. cxd5
Nxd5 9. Nc3 c4 10. b3 Nb4 11. Qb1 Nb6 12. Rd1 a5 13. bxc4 Nxc4 14. e4 a4 15. a3
Nc6 16. Qd3 N6a5 17. Nxa4 b5 18. Nc3 Ba6 19. Qb1 Qb6 20. e5 h6 21. Qe4 Bb7 22.
Qg4 Kh7 23. Rb1 f5 24. exf6 Rxf6 25. Rxb5 Qa6 26. Ng5+ hxg5 27. Bxb7 Nxb7 28.
Qe4+ Rg6 29. Qxb7 Qxb7 30. Rxb7 Bxa3 31. Ne4 Bxc1 32. Rxc1 Ra4 33. Nc5 Nd6 34.
Nxa4 Nxb7 35. Rc6 Nd8 36. Rc7 e5 37. d5 Rd6 38. Nc3 Kg8 39. f3 Kf8 40. Kf2 Rh6
41. Kg2 Rd6 42. Rc5 Nf7 43. Ne4 Ra6 44. Rc6 Ra5 45. d6 Ra8 46. Kh3 Rd8 47. Kg4
g6 48. Nxg5 Rxd6 49. Rc8+ Nd8 50. Rxd8+ 1-0

[Event "Brackel- Münster"]
[Site "?"]
[Date "2022.09.25"]
[Round "2.4"]
[White "Prieb, Robert"]
[Black "Wichtrup, Jan- Louis"]
[Result "0-1"]
[WhiteElo "2119"]
[BlackElo "2162"]
[PlyCount "160"]
[EventDate "2022.??.??"]
[SourceVersionDate "2023.06.22"]

1. d4 d5 2. Nf3 Nf6 3. c4 e6 4. Nc3 c5 5. cxd5 Nxd5 6. e4 Nxc3 7. bxc3 cxd4 8.
cxd4 Bb4+ 9. Bd2 Bxd2+ 10. Qxd2 O-O 11. Bc4 Nd7 12. O-O b6 13. a4 Bb7 14. Bd3
Nf6 15. Qe3 Rc8 16. Rfc1 Qe7 17. h3 Rxc1+ 18. Rxc1 Rc8 19. Rxc8+ Bxc8 20. Qf4
Ne8 21. e5 h6 22. Qe4 g6 23. Nh4 Ng7 24. Nxg6 fxg6 25. Qxg6 Qg5 26. Qh7+ Kf7
27. f4 Qg3 28. Qxh6 Qxd3 29. Qf6+ Kg8 30. Qd8+ Kh7 31. Qh4+ Kg6 32. Qf6+ Kh7
33. Qh4+ Kg8 34. Qd8+ Kf7 35. Qf6+ Ke8 36. Qxg7 Qxd4+ 37. Kh1 Qxf4 38. Qxa7
Qf1+ 39. Kh2 Qf4+ 40. Kh1 Qxe5 41. Qxb6 Qa1+ 42. Kh2 Qxa4 43. Qc5 Qf4+ 44. Kh1
Bd7 45. Qh5+ Ke7 46. Qc5+ Kf7 47. Qh5+ Kg7 48. Qc5 Be8 49. Qa7+ Bf7 50. Qa1+ e5
51. Qe1 Bd5 52. Qa1 Kg6 53. Qb1+ Kg5 54. Qd1 Qd4 55. Qc1+ Kg6 56. Qe1 e4 57.
Qg3+ Kf5 58. Qg4+ Kf6 59. Qf4+ Ke6 60. Qg4+ Kd6 61. Qc8 Qc4 62. Qd8+ Kc5 63.
Qc7+ Kb4 64. Qb6+ Ka3 65. Qe3+ Kb2 66. Qf2+ Kb1 67. Qb6+ Qb3 68. Qg1+ Ka2 69.
Qa7+ Qa3 70. Qd4 Qd3 71. Qf2+ Kb1 72. Qe1+ Kc2 73. Qf2+ Kc1 74. Qc5+ Bc4 75.
Qe5 e3 76. Qa1+ Kc2 77. Qa4+ Qb3 78. Qe8 e2 79. Kh2 Qc3 80. Qg6+ Bd3 0-1

[Event "Brackel- Münster"]
[Site "?"]
[Date "2022.09.25"]
[Round "2.5"]
[White "Rott, Georg"]
[Black "Steinmetzer, Thomas"]
[Result "0-1"]
[WhiteElo "2066"]
[BlackElo "2232"]
[Annotator "daniel"]
[PlyCount "60"]
[EventDate "2022.??.??"]
[SourceVersionDate "2023.06.22"]

1. e4 e5 2. Nf3 Nc6 3. Bb5 a6 4. Bxc6 dxc6 5. O-O Bg4 6. h3 h5 7. d3 Qf6 8.
Nbd2 Ne7 9. Re1 Ng6 10. d4 Nf4 11. hxg4 hxg4 12. Nh2 Nxg2 13. Ndf1 Nxe1 14.
Qxe1 Bd6 15. Qd1 Rh4 16. d5 cxd5 17. Qxd5 O-O-O 18. Be3 Rdh8 19. Rd1 Rxh2 20.
Nxh2 Qh4 21. Kf1 Qxh2 22. Qxf7 Qh1+ 23. Ke2 Qxe4 24. Kd2 g6 25. Rg1 Qf5 26. Qc4
e4 27. Kc1 g3 28. fxg3 Qf3 29. Qd4 Be5 30. Qa7 Rh1 {ZÜ} 0-1

[Event "Brackel- Münster"]
[Site "?"]
[Date "2022.09.25"]
[Round "2.6"]
[White "Korten, Lando"]
[Black "Kamp, Christoph"]
[Result "1-0"]
[WhiteElo "2106"]
[BlackElo "2221"]
[PlyCount "49"]
[EventDate "2022.??.??"]
[SourceVersionDate "2023.06.22"]

1. d4 d5 2. c4 e6 3. Nc3 c6 4. Nf3 dxc4 5. e4 b5 6. a4 Bb4 7. Bd2 Nf6 8. e5
Bxc3 9. bxc3 Ne4 10. g3 Bb7 11. Bg2 Qb6 12. Qb1 Nxd2 13. Nxd2 O-O 14. O-O Nd7
15. axb5 cxb5 16. Nxc4 Qc7 17. Bxb7 Qxb7 18. Nd6 Qf3 19. Qxb5 Nb6 20. c4 Rfb8
21. Rfb1 Rd8 22. c5 Nd5 23. Qb7 Rf8 24. c6 Ne3 25. c7 1-0

[Event "Brackel- Münster"]
[Site "?"]
[Date "2022.09.25"]
[Round "2.7"]
[White "Bolwerk, Peter"]
[Black "Goldschmidt, Christian"]
[Result "1/2-1/2"]
[WhiteElo "2175"]
[BlackElo "2226"]
[PlyCount "85"]
[EventDate "2022.??.??"]
[SourceVersionDate "2023.06.22"]

1. e4 e5 2. Bc4 Nf6 3. d3 Nc6 4. Nf3 h6 5. c3 d6 6. Bb3 g6 7. Nbd2 Bg7 8. Nf1
d5 9. Qe2 O-O 10. Ng3 Be6 11. O-O a6 12. Re1 Qd7 13. Be3 Rad8 14. Rad1 d4 15.
Bc1 Bxb3 16. axb3 Qe6 17. b4 Qb3 18. Nd2 Qa2 19. Nc4 b5 20. Na3 Nd7 21. Qc2 Nb6
22. Ne2 Na4 23. Rd2 Qe6 24. Qd1 Nb6 25. Nc2 h5 26. Na1 Qa2 27. Nb3 Na4 28. Na5
Nxa5 29. bxa5 dxc3 30. bxc3 Qb1 31. Ba3 Qxd1 32. Rexd1 Rfe8 33. c4 c5 34. Bc1
Re6 35. f4 Red6 36. g3 R6d7 37. Kf2 Bh6 38. Ke3 Kf8 39. Ba3 Ke8 40. Rc2 Rc8 41.
Rb1 b4 42. Bb2 Nxb2 43. Rcxb2 1/2-1/2

[Event "Brackel- Münster"]
[Site "?"]
[Date "2022.09.25"]
[Round "2.8"]
[White "Strathoff, Martin"]
[Black "Kamp, Adrian"]
[Result "0-1"]
[WhiteElo "2112"]
[BlackElo "1971"]
[PlyCount "50"]
[EventDate "2022.??.??"]
[SourceVersionDate "2023.06.22"]

1. d4 Nf6 2. c4 g6 3. Nc3 d5 4. cxd5 Nxd5 5. e4 Nxc3 6. bxc3 Bg7 7. Nf3 c5 8.
Be2 Nc6 9. d5 Ne5 10. Nxe5 Bxe5 11. Qb3 Qb6 12. Bb5+ Kf8 13. Bh6+ Bg7 14. Bxg7+
Kxg7 15. c4 Qa5+ 16. Ke2 a6 17. Ba4 f6 18. Rhb1 Rb8 19. Kf1 b5 20. Qa3 Rb7 21.
cxb5 axb5 22. Qxc5 Qxa4 23. Rb4 Qa7 24. Rxb5 Qa6 25. a4 Bd7 0-1

[Event "Bochum- Solingen 3"]
[Site "?"]
[Date "2022.09.25"]
[Round "2.1"]
[White "Zolfagharian, Kevin"]
[Black "Kotainy, Jens"]
[Result "1/2-1/2"]
[WhiteElo "2229"]
[BlackElo "2436"]
[PlyCount "34"]
[EventDate "2022.??.??"]
[SourceVersionDate "2023.06.22"]

1. Nf3 d5 2. g3 Bg4 3. Bg2 Nd7 4. d4 e6 5. O-O Ngf6 6. c4 c6 7. Qb3 Qb6 8. Nc3
Be7 9. cxd5 Qxb3 10. axb3 Nxd5 11. h3 Bh5 12. e4 Nb4 13. g4 Bg6 14. Bf4 Nd3 15.
Be3 f5 16. d5 fxg4 17. dxc6 bxc6 1/2-1/2

[Event "Bochum- Solingen 3"]
[Site "?"]
[Date "2022.09.25"]
[Round "2.2"]
[White "Schlawin, Marlon"]
[Black "Berg, Michael"]
[Result "0-1"]
[WhiteElo "2312"]
[BlackElo "2303"]
[PlyCount "170"]
[EventDate "2022.??.??"]
[SourceVersionDate "2023.06.22"]

1. e4 c5 2. Nf3 d6 3. c3 Nf6 4. Be2 a6 5. O-O Nbd7 6. d3 b5 7. a4 Bb7 8. Re1 e6
9. Nbd2 Be7 10. Bf1 Bc6 11. d4 bxa4 12. Bd3 O-O 13. Qe2 cxd4 14. cxd4 a5 15.
Bc2 Nb6 16. Rd1 Qc7 17. e5 Nfd7 18. exd6 Bxd6 19. Ne4 Bb5 20. Qd2 Bb4 21. Nc3
Bxc3 22. bxc3 Rfc8 23. Be4 Bc6 24. Bxc6 Qxc6 25. Qg5 Qxc3 26. Bd2 Qc6 27. Qg3
Qe4 28. Re1 Qd3 29. Qd6 Qb5 30. Rab1 Qc6 31. Qg3 Qc2 32. Qd6 Qc7 33. Qe7 Nd5
34. Qa3 N5b6 35. Qe7 Qd8 36. Qd6 Nc4 37. Qf4 Nxd2 38. Qxd2 Nf6 39. Ne5 Qd5 40.
Ra1 Rd8 41. Rxa4 Qb5 42. Qa2 Nd5 43. Ra1 Rdc8 44. h3 Nc3 45. Rxa5 Ne2+ 46. Kh1
Rxa5 47. Qxa5 Qxa5 48. Rxa5 Nxd4 49. Ra4 Rd8 50. g3 f6 51. Ng4 Rd7 52. Kg2 Kf7
53. h4 e5 54. Ra6 h5 55. Ne3 Ne6 56. Nf5 Nc5 57. Rc6 Nd3 58. Kf3 Ra7 59. Nd6+
Kg6 60. Rc3 Nb4 61. Ne4 Ra2 62. Nc5 Kf5 63. Ne4 Nc2 64. Nd6+ Ke6 65. Nb5 Nd4+
66. Nxd4+ exd4 67. Rc7 g6 68. Rb7 Ra6 69. Ke4 Rd6 70. Kd3 Kf5 71. f3 g5 72. Rh7
Kg6 73. Rh8 gxh4 74. gxh4 Rd5 75. Ke4 Rd7 76. Kd3 Ra7 77. Kxd4 Ra4+ 78. Ke3
Rxh4 79. Kf2 Rb4 80. Kg3 Kg5 81. f4+ Kg6 82. Rg8+ Kf5 83. Rh8 Rb3+ 84. Kh4 Kxf4
85. Rxh5 Rb1 0-1

[Event "Bochum- Solingen 3"]
[Site "?"]
[Date "2022.09.25"]
[Round "2.3"]
[White "Michalczak, Thomas"]
[Black "Tkachuk, Konstantyn"]
[Result "0-1"]
[WhiteElo "2263"]
[BlackElo "2249"]
[PlyCount "60"]
[EventDate "2022.??.??"]
[SourceVersionDate "2023.06.22"]

1. e4 c5 2. Nf3 d6 3. d4 cxd4 4. Nxd4 Nf6 5. Nc3 g6 6. Be3 Bg7 7. f3 Nc6 8. Qd2
O-O 9. O-O-O d5 10. exd5 Nxd5 11. Nxc6 bxc6 12. Bd4 e5 13. Bc5 Be6 14. Ne4 Rb8
15. Bc4 f5 16. Ng5 e4 17. c3 Bh6 18. h4 Re8 19. fxe4 fxe4 20. Be3 Qa5 21. Rhf1
Qa4 22. Qd4 Bg7 23. Qxe4 Bxc3 24. Bxd5 Bxb2+ 25. Kd2 Qa5+ 26. Ke2 Bxd5 27. Qf4
Be5 28. Qg4 Rb2+ 29. Rd2 Rxd2+ 30. Bxd2 Bf4+ 0-1

[Event "Bochum- Solingen 3"]
[Site "?"]
[Date "2022.09.25"]
[Round "2.4"]
[White "Tkachuk, Sergij"]
[Black "Kniest, Oliver"]
[Result "0-1"]
[WhiteElo "2253"]
[BlackElo "2273"]
[PlyCount "90"]
[EventDate "2022.??.??"]
[SourceVersionDate "2023.06.22"]

1. e4 c6 2. d4 d5 3. e5 c5 4. dxc5 e6 5. Be3 Nd7 6. Bb5 Ne7 7. f4 Nf5 8. Bf2
Qa5+ 9. Nc3 Qb4 10. Nge2 Bxc5 11. Bxc5 Qxc5 12. Qd3 a6 13. Bxd7+ Bxd7 14. O-O-O
Bb5 15. Nxb5 axb5 16. Kb1 Ne3 17. Rc1 Nc4 18. Qd4 Qb4 19. Rcd1 O-O 20. Qc3 Na3+
21. Ka1 Rfc8 22. Qxb4 Nxc2+ 23. Kb1 Nxb4 24. Nc3 Ra5 25. g3 Nc6 26. Rd2 b4 27.
Ne2 Kf8 28. Rc1 Ke7 29. b3 Kd7 30. Rcc2 b6 31. Nc1 Rc5 32. Kb2 Nd4 33. Rxc5
bxc5 34. Nd3 c4 35. Nc5+ Kc6 36. Rxd4 Kxc5 37. Rd1 c3+ 38. Kc2 Ra8 39. Ra1 d4
40. Kd3 Kd5 41. h3 f6 42. g4 fxe5 43. fxe5 Rf8 44. a4 bxa3 45. Rxa3 Rf3+ 0-1

[Event "Bochum- Solingen 3"]
[Site "?"]
[Date "2022.09.25"]
[Round "2.5"]
[White "Asadzade, Idris"]
[Black "Werthebach, Felix"]
[Result "0-1"]
[WhiteElo "2229"]
[BlackElo "2229"]
[PlyCount "66"]
[EventDate "2022.??.??"]
[SourceVersionDate "2023.06.22"]

1. c4 f5 2. g3 Nf6 3. Bg2 d6 4. Nc3 g6 5. d3 Nc6 6. e3 Bg7 7. Nge2 O-O 8. Rb1
a5 9. a3 e5 10. b4 Qe8 11. O-O e4 12. Nd5 Nxd5 13. cxd5 Ne5 14. d4 Nc4 15. Qb3
b5 16. a4 Ba6 17. axb5 Bxb5 18. Nc3 a4 19. Qa2 Nb6 20. Nxb5 Qxb5 21. f3 Kh8 22.
fxe4 fxe4 23. Bd2 Rxf1+ 24. Rxf1 Qd3 25. Bc1 Bh6 26. Re1 Qc3 27. Bd2 Qc4 28.
Qa1 a3 29. Bxe4 a2 30. Bg2 Qc2 31. Bc1 Nc4 32. e4 Bxc1 33. Rxc1 Qxc1+ 0-1

[Event "Bochum- Solingen 3"]
[Site "?"]
[Date "2022.09.25"]
[Round "2.6"]
[White "Backwinkel, Paul"]
[Black "Wickenfeld, Stefan"]
[Result "1/2-1/2"]
[WhiteElo "2287"]
[BlackElo "2170"]
[PlyCount "44"]
[EventDate "2022.??.??"]
[SourceVersionDate "2023.06.22"]

1. Nf3 Nf6 2. e3 d5 3. c4 c6 4. Nc3 Nbd7 5. cxd5 cxd5 6. d4 e6 7. Be2 Be7 8.
O-O O-O 9. b3 a6 10. a4 Bb4 11. Bb2 Qe7 12. Qc1 b6 13. Ba3 Bb7 14. Bxb4 Qxb4
15. Qb2 Ne4 16. Na2 Qd6 17. b4 Rfc8 18. Rfc1 h6 19. h3 Rxc1+ 20. Rxc1 Rc8 21.
Rxc8+ Bxc8 22. Bd3 Bb7 1/2-1/2

[Event "Bochum- Solingen 3"]
[Site "?"]
[Date "2022.09.25"]
[Round "2.7"]
[White "borchert, stephan"]
[Black "wuebker, paul-luca"]
[Result "1-0"]
[WhiteElo "2075"]
[BlackElo "2146"]
[PlyCount "63"]
[EventDate "2022.??.??"]
[SourceVersionDate "2023.06.22"]

1. e4 c5 2. Nf3 d6 3. d4 cxd4 4. Nxd4 Nf6 5. Nc3 Nc6 6. Be3 Ng4 7. Nxc6 bxc6 8.
Bd2 Qb6 9. Qe2 Qxb2 10. Rb1 Qa3 11. h3 Nf6 12. Qc4 Bd7 13. g4 e6 14. Bg2 d5 15.
exd5 Nxd5 16. O-O Be7 17. Rb3 Qd6 18. Ne4 Qc7 19. Rfb1 Bc8 20. Ba5 Qd7 21. Nc5
Qd6 22. Ne4 Qd7 23. Rd1 O-O 24. Qd4 Ba6 25. c4 c5 26. Nxc5 Bxc5 27. Qxc5 Rac8
28. Qa3 Bxc4 29. Rbb1 Rc6 30. Rd4 Rfc8 31. Qa4 a6 32. Rxc4 1-0

[Event "Erkenschwick- Lieme"]
[Site "?"]
[Date "2022.09.25"]
[Round "2.1"]
[White "schuh, dirk"]
[Black "ris, robert"]
[Result "1-0"]
[WhiteElo "2354"]
[BlackElo "2474"]
[PlyCount "83"]
[EventDate "2022.??.??"]
[SourceVersionDate "2023.06.22"]

1. d4 Nf6 2. c4 g6 3. Nc3 Bg7 4. Nf3 d6 5. Bg5 Bf5 6. e3 Ne4 7. Nxe4 Bxe4 8.
Bd3 Bxd3 9. Qxd3 O-O 10. O-O Qd7 11. Rfd1 Nc6 12. Rac1 Rfe8 13. d5 Nb4 14. Qa3
a5 15. c5 dxc5 16. Rxc5 b6 17. Rcc1 e6 18. dxe6 Qxe6 19. Rxc7 Rac8 20. Rxc8
Rxc8 21. h3 Qxa2 22. Qxa2 Nxa2 23. Rd6 b5 24. Rd5 b4 25. Rxa5 Nc1 26. Rb5 h6
27. Be7 b3 28. Nd4 Bxd4 29. exd4 Ne2+ 30. Kh2 Nxd4 31. Rb7 Rc6 32. Rb4 Nf5 33.
Bd8 Rc2 34. Bf6 g5 35. Rxb3 Rxf2 36. Kg1 Rd2 37. Rb8+ Kh7 38. Bc3 Rc2 39. Rh8+
Kg6 40. g4 Ng7 41. Rg8 f6 42. Rf8 1-0

[Event "Erkenschwick- Lieme"]
[Site "?"]
[Date "2022.09.25"]
[Round "2.2"]
[White "nijboer, friso"]
[Black "niermann, tristan"]
[Result "1/2-1/2"]
[WhiteElo "2466"]
[BlackElo "2289"]
[PlyCount "113"]
[EventDate "2022.??.??"]
[SourceVersionDate "2023.06.22"]

1. e4 c5 2. Nf3 d6 3. d4 cxd4 4. Nxd4 Nf6 5. Nc3 g6 6. Be3 Bg7 7. f3 O-O 8. Qd2
Nc6 9. O-O-O d5 10. exd5 Nxd5 11. Nxc6 bxc6 12. Bd4 e5 13. Bc5 Re8 14. Ne4 Qc7
15. Bc4 Be6 16. Bb3 Rad8 17. Qf2 Nf4 18. Kb1 Bxb3 19. axb3 f5 20. Nd6 Re7 21.
Nc4 Red7 22. Rxd7 Rxd7 23. h4 h5 24. Re1 Kh7 25. Bb4 e4 26. fxe4 fxe4 27. Ba5
Qb8 28. Rxe4 Nd5 29. Re6 Qh2 30. Bd2 c5 31. Re1 Bd4 32. Qf8 Bg7 33. Qf2 Bd4 34.
Qf8 Bg7 35. Qe8 Nf6 36. Qe6 Qxh4 37. Rf1 Rd8 38. Bc3 Qe4 39. Qa6 Qxg2 40. Ne3
Qh2 41. Bxf6 Rd6 42. Qxa7 Rxf6 43. Rxf6 Qe5 44. Nd5 Kh6 45. Qb6 Bxf6 46. Nxf6
Qf5 47. Qd6 h4 48. Nd5 h3 49. Ka2 Qf3 50. c4 Kg5 51. b4 cxb4 52. Qxb4 Qe2 53.
Qc3 h2 54. Qf6+ Kh6 55. Qh8+ Kg5 56. Qf6+ Kh6 57. Qh8+ 1/2-1/2

[Event "Erkenschwick- Lieme"]
[Site "?"]
[Date "2022.09.25"]
[Round "2.3"]
[White "Wittke, Rene"]
[Black "de Winter, Arthur"]
[Result "0-1"]
[WhiteElo "2324"]
[BlackElo "2418"]
[PlyCount "76"]
[EventDate "2022.??.??"]
[SourceVersionDate "2023.06.22"]

1. d4 Nf6 2. Nf3 g6 3. g3 Bg7 4. Bg2 O-O 5. O-O d6 6. c4 Bf5 7. Nh4 Be4 8. f3
Bc6 9. e4 e5 10. d5 Bd7 11. Nc3 Nh5 12. Be3 Bf6 13. Qd2 Na6 14. Rfd1 Qe7 15.
Rab1 Bg7 16. Bf1 f5 17. Be2 Nf4 18. b4 Nh3+ 19. Kh1 f4 20. Bg1 fxg3 21. hxg3
Bf6 22. Ng2 Bg5 23. Qe1 Rf7 24. c5 dxc5 25. Bxa6 Nxg1 26. Bc4 Nxf3 27. d6 cxd6
28. Bxf7+ Qxf7 29. Qf2 Rf8 30. Nh4 Bxh4 31. gxh4 Qe6 32. Qg3 Rf4 33. Rd3 Rxh4+
34. Kg2 Rg4 35. Rxf3 Rxg3+ 36. Rxg3 cxb4 37. Nd5 Bc6 38. Rd1 Kg7 0-1

[Event "Erkenschwick- Lieme"]
[Site "?"]
[Date "2022.09.25"]
[Round "2.4"]
[White "Jelmer, Jens"]
[Black "Bentel, Robin"]
[Result "1/2-1/2"]
[WhiteElo "2420"]
[BlackElo "2242"]
[PlyCount "49"]
[EventDate "2022.??.??"]
[SourceVersionDate "2023.06.22"]

1. e4 c5 2. Nf3 d6 3. c3 Nf6 4. Be2 g6 5. O-O Bg7 6. Bb5+ Nc6 7. d4 O-O 8. Re1
Qc7 9. h3 a6 10. Bf1 cxd4 11. cxd4 d5 12. e5 Ne4 13. Nc3 Nxc3 14. bxc3 Na5 15.
Bg5 Re8 16. Rc1 Bd7 17. Nh2 Nc4 18. Qf3 Qc6 19. Ng4 Bxg4 20. hxg4 b5 21. Bd3 f6
22. Bf4 fxe5 23. dxe5 Rf8 24. Qg3 e6 25. Bg5 1/2-1/2

[Event "Erkenschwick- Lieme"]
[Site "?"]
[Date "2022.09.25"]
[Round "2.5"]
[White "Himpenmacher, Andy"]
[Black "De Vreugt, Dennis"]
[Result "1-0"]
[WhiteElo "2166"]
[BlackElo "2405"]
[PlyCount "69"]
[EventDate "2022.??.??"]
[SourceVersionDate "2023.06.22"]

1. Nf3 c5 2. e3 Nf6 3. b3 b6 4. Bb2 e6 5. d4 Bb7 6. Nbd2 Be7 7. Bd3 O-O 8. O-O
Nc6 9. a3 d5 10. Qe2 a5 11. dxc5 bxc5 12. e4 a4 13. exd5 exd5 14. Rfe1 axb3 15.
cxb3 Re8 16. Bb5 Bf8 17. Qd3 Qd6 18. Bxf6 Qxf6 19. Qxd5 Rad8 20. Qc4 Rxe1+ 21.
Rxe1 Nd4 22. Nxd4 Rxd4 23. Qe2 Qg6 24. Nf3 Rg4 25. Qe8 Qd6 26. Qe3 Qf6 27. Kf1
g6 28. Qe5 Qb6 29. Bc4 Ba6 30. Qe2 Bb7 31. Bxf7+ Kg7 32. Bc4 Qf6 33. h3 Re4 34.
Qd2 Rf4 35. Qd7+ 1-0

[Event "Erkenschwick- Lieme"]
[Site "?"]
[Date "2022.09.25"]
[Round "2.6"]
[White "Erwich, Frank"]
[Black "Essing, Arnold"]
[Result "1-0"]
[WhiteElo "2391"]
[BlackElo "2218"]
[PlyCount "67"]
[EventDate "2022.??.??"]
[SourceVersionDate "2023.06.22"]

1. e4 d6 2. d4 Nf6 3. Nc3 g6 4. Bg5 Bg7 5. Qd2 c6 6. f4 b5 7. Bd3 Qb6 8. e5 b4
9. exf6 exf6 10. Ne4 fxg5 11. Nxd6+ Kd7 12. Nxf7 Qxd4 13. Ne2 Re8 14. Ne5+ Bxe5
15. fxe5 Qd5 16. O-O-O Kc7 17. Qxb4 Rxe5 18. Rhf1 Nd7 19. Nc3 Qe6 20. Qd4 a5
21. Bc4 Qe8 22. Qd6+ Kb7 23. Rf7 Re1 24. Nd5 Rxd1+ 25. Kxd1 Qd8 26. Nf6 Qc7 27.
Qxc7+ Kxc7 28. Be6 Ra7 29. Bxd7 Kd6 30. Ne8+ Ke5 31. Be6 Ra8 32. Bxc8 Rxc8 33.
Re7+ Kf4 34. Nd6 1-0

[Event "Erkenschwick- Lieme"]
[Site "?"]
[Date "2022.09.25"]
[Round "2.7"]
[White "Schaffarczyk, Andre"]
[Black "Van Beek, Alexander"]
[Result "1/2-1/2"]
[WhiteElo "2129"]
[BlackElo "2306"]
[PlyCount "104"]
[EventDate "2022.??.??"]
[SourceVersionDate "2023.06.22"]

1. e4 e5 2. Nf3 Nc6 3. Bc4 Bc5 4. c3 Nf6 5. d4 exd4 6. b4 Be7 7. e5 Ne4 8. b5
Na5 9. Bd3 Nc5 10. cxd4 Nxd3+ 11. Qxd3 d5 12. exd6 cxd6 13. O-O O-O 14. Bf4 Be6
15. Nbd2 Rc8 16. d5 Bg4 17. Rac1 Qd7 18. Nd4 Rc5 19. h3 Bh5 20. Qf5 Qc8 21. Ne4
Bg6 22. Qxc8 Rcxc8 23. Nxd6 Rcd8 24. N4f5 Bf6 25. Rfd1 Rd7 26. Ne3 Rfd8 27.
Ndc4 Nxc4 28. Rxc4 Be7 29. d6 Bf8 30. Kf1 f6 31. Ke2 Kf7 32. Rc7 Ke6 33. Nc4
Be4 34. Na5 g5 35. Be3 Bxg2 36. Bxa7 Bxd6 37. Rc3 Bd5 38. Bb6 Ra8 39. Re3+ Be5
40. a4 h5 41. Red3 g4 42. hxg4 hxg4 43. Ke1 Rh8 44. Kd2 Rh3 45. Kc1 Bc3 46. Nb3
Bxb3 47. Rxd7 Bxd1 48. Rxd1 Be5 49. Rd8 Ra3 50. a5 Rb3 51. a6 bxa6 52. bxa6
Rxb6 1/2-1/2

[Event "Erkenschwick- Lieme"]
[Site "?"]
[Date "2022.09.25"]
[Round "2.8"]
[White "Sprietersbach, Kai"]
[Black "Krallmann, Matthias"]
[Result "1/2-1/2"]
[WhiteElo "2031"]
[BlackElo "2142"]
[PlyCount "53"]
[EventDate "2022.??.??"]
[SourceVersionDate "2023.06.22"]

1. e4 c6 2. d4 d5 3. e5 c5 4. Nf3 Bg4 5. dxc5 e6 6. Be3 Nc6 7. Bb5 Nge7 8. c3
Qc7 9. Nbd2 Ng6 10. Qa4 Bxf3 11. Nxf3 Be7 12. Qg4 O-O 13. Bxc6 Qxc6 14. O-O
Bxc5 15. Rae1 Rac8 16. Bxc5 Qxc5 17. Nd4 b5 18. a3 a5 19. h4 Rfe8 20. h5 Nf8
21. Re3 b4 22. axb4 axb4 23. Qg5 bxc3 24. h6 Ng6 25. bxc3 Qe7 26. Qxe7 Rxe7 27.
hxg7 1/2-1/2

[Event "Niederkassel- Bonn Beuel"]
[Site "?"]
[Date "2022.10.02"]
[Round "2.1"]
[White "Haag, Martin"]
[Black "Stanetzek, Carsten"]
[Result "1/2-1/2"]
[WhiteElo "2211"]
[BlackElo "2175"]
[PlyCount "72"]
[SourceVersionDate "2023.06.22"]

1. c4 c6 2. e4 d5 3. exd5 cxd5 4. d4 Nf6 5. Nc3 Nc6 6. Nf3 Bg4 7. cxd5 Nxd5 8.
Qb3 Bxf3 9. gxf3 e6 10. Qxb7 Nxd4 11. Bb5+ Nxb5 12. Qc6+ Ke7 13. Qc5+ Ke8 14.
Qxb5+ Qd7 15. Nxd5 exd5 16. Qd3 Bb4+ 17. Kf1 Kf8 18. Be3 f6 19. Rc1 Kf7 20. a3
Be7 21. Ke2 Rhd8 22. Rc2 Qe6 23. Kd2 Rd7 24. Bf4 Bd6 25. Bg3 Re8 26. Kd1 Bxg3
27. hxg3 h6 28. Kc1 Kg8 29. Kb1 d4 30. Rh4 Qd5 31. Re4 Red8 32. Ree2 Qa5 33.
Re4 Qh5 34. Rce2 Qd5 35. Rc2 Qh5 36. Rce2 Qd5 1/2-1/2

[Event "Niederkassel- Bonn Beuel"]
[Site "?"]
[Date "2022.10.02"]
[Round "2.2"]
[White "Kneutgen, Alexander"]
[Black "Hoppe, Thilo"]
[Result "1/2-1/2"]
[WhiteElo "2021"]
[BlackElo "2104"]
[PlyCount "37"]
[SourceVersionDate "2023.06.22"]

1. Nf3 Nf6 2. g3 g6 3. Bg2 Bg7 4. O-O O-O 5. d4 d5 6. c4 c6 7. cxd5 cxd5 8. Nc3
Ne4 9. Nxe4 dxe4 10. Ne5 Nd7 11. Bf4 Nxe5 12. dxe5 Bf5 13. Qa4 Qe8 14. Qb4 b5
15. Rac1 a5 16. Qd4 Qd8 17. Rfd1 Qxd4 18. Rxd4 Rfd8 19. Rxd8+ 1/2-1/2